[Event "Titled Tuesday intern op 13th Feb Late"]
[Site "Chess.com INT"]
[Date "2024.02.13"]
[Round "1"]
[White "Danielyan, Vahe"]
[Black "Jusup, Matej"]
[Result "0-1"]
[WhiteElo "2335"]
[BlackElo "2238"]
[PlyCount "114"]
[EventDate "2024.02.13"]
[EventType "swiss (blitz)"]
[EventRounds "11"]
[EventCountry "USA"]
[SourceTitle "CB08_2024"]
[SourceDate "2024.02.21"]
[SourceVersion "1"]
[SourceVersionDate "2024.02.21"]
[SourceQuality "1"]

1. d4 Nf6 2. Nc3 d5 3. Bg5 c5 4. e3 Nc6 5. Nf3 Bf5 6. Bb5 a6 7. Bxc6+ bxc6 8. dxc5 Rb8 9. Nd4 Bd7 10. Nb3 e5 11. 0-0 Be7 12. h3 0-0 13. Qe2 a5 14. a4 Rb4 15. Rad1 h6 16. Bxf6 Bxf6 17. Qa6 Qc8 18. Qxa5 Rc4 19. Nd2 Bxh3 20. f3 Rh4 21. gxh3 Qxh3 22. Kf2 Qh2+ 23. Ke1 Rxa4 24. Qxa4 Bh4+ 25. Qxh4 Qxh4+ 26. Ke2 f5 27. Nb3 f4 28. e4 d4 29. Nb1 Qe7 30. N1d2 g5 31. Ra1 h5 32. Ra6 Qd7 33. Na5 g4 34. Nxc6 g3 35. Nxe5 Qb5+ 36. Ndc4 Qxa6 37. Rh1 Rc8 38. Rxh5 Rxc5 39. Rg5+ Kh7 40. b3 Rxe5 41. Rxe5 Qg6 42. Re7+ Kg8 43. Ne5 Qa6+ 44. Kd2 g2 45. Re8+ Kh7 46. Re7+ Kh6 47. Ng4+ Kh5 48. Rg7 g1Q 49. Nf6+ Qxf6 50. Rxg1 Qb6 51. Rg4 Qb4+ 52. Kc1 Qd6 53. Kb2 Qc5 54. Rg8 Qc3+ 55. Kb1 d3 56. cxd3 Qxb3+ 57. Kc1 Qxg8 0-1

[Event "Titled Tuesday intern op 09th Jan Early"]
[Site "Chess.com INT"]
[Date "2024.01.09"]
[Round "2"]
[White "Jusup, Matej"]
[Black "Tristan, Leonardo"]
[Result "0-1"]
[WhiteElo "2238"]
[BlackElo "2515"]
[PlyCount "68"]
[EventDate "2024.01.09"]
[EventType "swiss (blitz)"]
[EventRounds "11"]
[EventCountry "USA"]
[SourceTitle "CB03_2024"]
[SourceDate "2024.01.17"]
[SourceVersion "1"]
[SourceVersionDate "2024.01.17"]
[SourceQuality "1"]

1. e4 d5 2. exd5 Qxd5 3. Nc3 Qa5 4. d4 Nf6 5. Nf3 Bf5 6. Bc4 e6 7. Bd2 Bb4 8. a3 Bxc3 9. Bxc3 Qb6 10. 0-0 0-0 11. Bb3 Nc6 12. Ne5 Nxe5 13. dxe5 Rad8 14. exf6 Rxd1 15. Raxd1 gxf6 16. Bxf6 Qc6 17. Rd4 h6 18. Rfd1 Kh7 19. Rc4 Qb6 20. Rd7 e5 21. Be7 Bxd7 22. Bxf8 Be6 23. Rb4 Qc6 24. Bxe6 Qxe6 25. Rh4 h5 26. g4 Kg8 27. Bb4 hxg4 28. Kg2 Qd5+ 29. Kf1 Qd1+ 30. Kg2 f6 31. Bc3 Kg7 32. a4 Kg6 33. h3 Qf3+ 34. Kg1 gxh3 0-1

[Event "Osijek op 12th"]
[Site "Osijek"]
[Date "2019.02.24"]
[Round "7.1"]
[White "Ivekovic, Bozidar1111"]
[Black "Jusup, Matej"]
[Result "1-0"]
[WhiteElo "2398"]
[BlackElo "2236"]
[PlyCount "61"]
[EventDate "2019.02.21"]
[EventType "swiss"]
[EventRounds "7"]
[EventCountry "CRO"]
[SourceTitle "EXT 2023"]
[Source "ChessBase"]
[SourceDate "2022.10.05"]
[SourceVersion "1"]
[SourceVersionDate "2022.10.05"]
[SourceQuality "1"]

1. d4 Nf6 2. c4 c5 3. d5 b5 4. cxb5 a6 5. b6 d6 6. Nc3 Nbd7 7. a4 Qxb6 8. e4 g6 9. a5 Qb7 10. f4 Bg7 11. Nf3 0-0 12. Bc4 Ne8 13. 0-0 Nc7 14. Qd3 Nf6 15. Re1 e6 16. dxe6 Bxe6 17. Bxe6 Nxe6 18. Qxd6 Rfd8 19. Qb6 Qxb6 20. axb6 Rdb8 21. e5 Nd7 22. Be3 Rxb6 23. Red1 Ra7 24. Ra2 Kf8 25. Ng5 Rc6 26. Nxe6+ fxe6 27. Ne4 Rb7 28. Nd6 Rb3 29. Nc4 Rb4 30. Na5 Rc7 31. Rxd7 1-0

[Event "Osijek op 12th"]
[Site "Osijek"]
[Date "2019.02.21"]
[Round "2.5"]
[White "Jusup, Matej"]
[Black "Radikovic, Anamarija"]
[Result "1-0"]
[WhiteElo "2236"]
[BlackElo "1856"]
[PlyCount "127"]
[EventDate "2019.02.21"]
[EventType "swiss"]
[EventRounds "7"]
[EventCountry "CRO"]
[SourceTitle "EXT 2023"]
[Source "ChessBase"]
[SourceDate "2022.10.05"]
[SourceVersion "1"]
[SourceVersionDate "2022.10.05"]
[SourceQuality "1"]

1. d4 Nf6 2. Nf3 g6 3. Bf4 Bg7 4. e3 d6 5. Bc4 0-0 6. 0-0 Nh5 7. Bg5 h6 8. Bh4 g5 9. Nfd2 Nf4 10. Bg3 Ng6 11. Qh5 e6 12. Bd3 Ne7 13. h4 Nf5 14. Bxf5 exf5 15. hxg5 Qxg5 16. Qf3 Nc6 17. Bf4 Qg4 18. Nc3 Be6 19. Rac1 Kh7 20. a3 Rg8 21. Rfd1 Ne7 22. Nb5 Qxf3 23. Nxf3 Bc4 24. Nxc7 Rac8 25. Bxd6 Be2 26. Ne1 Bxd1 27. Rxd1 Nc6 28. Bg3 Rgd8 29. Nb5 Bf8 30. c4 a6 31. Nc3 Na5 32. c5 Nb3 33. Nd3 f6 34. Nf4 Nxc5 35. dxc5 Rxd1+ 36. Nxd1 Bxc5 37. Nd5 Kg7 38. Kf1 Kf7 39. Ke2 Rc6 40. Bf4 h5 41. g3 Rc8 42. a4 Rh8 43. b4 Be7 44. Nxe7 Kxe7 45. a5 Rc8 46. Kd3 Rd8+ 47. Kc2 Rh8 48. Nc3 Kd7 49. Ne2 Ke6 50. Nd4+ Kd5 51. Kb3 Ke4 52. f3+ Kd3 53. Nxf5 Rc8 54. Nd6 Rc3+ 55. Ka4 Kc2 56. b5 Kb2 57. b6 Rb3 58. Nxb7 Kc3 59. Bd6 Kc4 60. Nd8 Rb1 61. b7 Ra1+ 62. Ba3 Rb1 63. e4 Rb5 64. Bd6 1-0

[Event "HUN-chT 1819"]
[Site "Hungary"]
[Date "2019.02.10"]
[Round "5.5"]
[White "Jusup, Matej"]
[Black "Kantor, Gergely"]
[Result "0-1"]
[WhiteElo "2237"]
[BlackElo "2501"]
[PlyCount "78"]
[EventDate "2018.11.17"]
[EventType "team-tourn"]
[EventRounds "9"]
[EventCountry "HUN"]
[SourceTitle "CBM 188 Extra"]
[Source "ChessBase"]
[SourceDate "2019.02.26"]
[SourceVersion "1"]
[SourceVersionDate "2019.02.26"]
[SourceQuality "1"]
[WhiteTeam "Penzugyor"]
[BlackTeam "Aquaprofit"]
[WhiteTeamCountry "HUN"]
[BlackTeamCountry "HUN"]

1. d4 Nf6 2. Nf3 d5 3. Bf4 c5 4. e3 Nc6 5. Nbd2 cxd4 6. exd4 Bf5 7. c3 e6 8. Qb3 Bd6 9. Qxb7 Bxf4 10. Qxc6+ Kf8 11. Be2 Rb8 12. Nb3 Rb6 13. Qa4 Qc7 14. 0-0 h5 15. Nc5 Bg4 16. h4 Bxf3 17. Bxf3 Bh2+ 18. Kh1 Qf4 19. g3 Qxf3+ 20. Kxh2 Ng4+ 21. Kg1 Ne3 22. fxe3 Qxg3+ 23. Kh1 Qh3+ 24. Kg1 Qxe3+ 25. Kh1 Qh3+ 26. Kg1 Qg4+ 27. Kh1 Qxh4+ 28. Kg1 Qg3+ 29. Kh1 Qh3+ 30. Kg1 Qg4+ 31. Kh1 Qh4+ 32. Kg1 Rxb2 33. Rxf7+ Kxf7 34. Qd7+ Kg6 35. Qxe6+ Kh7 36. Qf5+ Kh6 37. Qf3 Qh2+ 38. Kf1 Rf8 39. Qxf8 Qh1# 0-1

[Event "Topusko op 2nd"]
[Site "Topusko"]
[Date "2013.08.09"]
[Round "7"]
[White "Jusup, Matej"]
[Black "Tica, Sven"]
[Result "1/2-1/2"]
[WhiteElo "2176"]
[BlackElo "2048"]
[PlyCount "117"]
[EventDate "2013.08.03"]
[EventType "swiss"]
[EventRounds "7"]
[EventCountry "CRO"]
[SourceTitle "CBM 155 Extra"]
[Source "ChessBase"]
[SourceDate "2013.08.26"]
[SourceVersion "1"]
[SourceVersionDate "2013.08.26"]
[SourceQuality "1"]

1. d4 Nf6 2. Nf3 d5 3. Bf4 Bf5 4. e3 e6 5. c4 Bxb1 6. Rxb1 Bb4+ 7. Ke2 Bd6 8. g3 dxc4 9. Qa4+ Qd7 10. Qxc4 Qc6 11. Rc1 Bxf4 12. Qxc6+ Nxc6 13. gxf4 0-0-0 14. Bg2 Nd5 15. Rc5 Kb8 16. Rhc1 f6 17. a3 Nce7 18. Ne1 c6 19. Nd3 Nc7 20. b4 Ned5 21. R5c2 Rhe8 22. h4 Nb6 23. Nc5 Nbd5 24. Be4 e5 25. dxe5 fxe5 26. fxe5 Rxe5 27. Bxh7 Rh5 28. Be4 Rxh4 29. Rg1 Nf6 30. Bd3 Rg4 31. Rcc1 Rxg1 32. Rxg1 b6 33. Ne4 Rd7 34. Nxf6 gxf6 35. Rg8+ Kb7 36. Bf5 Re7 37. Rf8 Nd5 38. Kf3 Re5 39. Be4 Nc3 40. Rf7+ Kb8 41. Bxc6 Rf5+ 42. Kg3 Nd1 43. Rb7+ Kc8 44. Bd7+ Kxb7 45. Bxf5 Kc6 46. e4 Kd6 47. f4 a5 48. bxa5 bxa5 49. Kf3 Nc3 50. Bg6 a4 51. Be8 Nb1 52. Bb5 Nxa3 53. Bd3 Kc5 54. Ke3 Nc4+ 55. Bxc4 Kxc4 56. Kd2 Kd4 57. e5 fxe5 58. fxe5 Kxe5 59. Kc3 1/2-1/2

[Event "Topusko op 2nd"]
[Site "Topusko"]
[Date "2013.08.08"]
[Round "6"]
[White "Orak, Tugomir"]
[Black "Jusup, Matej"]
[Result "0-1"]
[WhiteElo "2015"]
[BlackElo "2176"]
[PlyCount "90"]
[EventDate "2013.08.03"]
[EventType "swiss"]
[EventRounds "7"]
[EventCountry "CRO"]
[SourceTitle "CBM 155 Extra"]
[Source "ChessBase"]
[SourceDate "2013.08.26"]
[SourceVersion "1"]
[SourceVersionDate "2013.08.26"]
[SourceQuality "1"]

1. d4 Nf6 2. Nf3 e6 3. c3 c5 4. Bf4 b6 5. e3 Bb7 6. Be2 d6 7. h3 Be7 8. Nbd2 0-0 9. 0-0 Nbd7 10. Nc4 Ne4 11. Qc2 b5 12. Ncd2 Nxd2 13. Qxd2 Qb6 14. dxc5 Nxc5 15. Rfd1 Rfd8 16. Rac1 e5 17. Bh2 Rac8 18. Qe1 f6 19. Nd2 d5 20. Kh1 a6 21. Bf1 Qe6 22. Kg1 f5 23. Nf3 Bf6 24. Qe2 Rd7 25. Re1 g5 26. Rcd1 h5 27. Kh1 Rg7 28. Ng1 g4 29. Rc1 Ne4 30. f3 Nd6 31. Qf2 h4 32. hxg4 fxg4 33. fxg4 Ne4 34. Qc2 Qxg4 35. Nh3 Ng3+ 36. Bxg3 hxg3 37. Bd3 e4 38. Be2 Qd7 39. Qd1 Kf7 40. Kg1 Rh8 41. Bh5+ Ke7 42. Nf4 Qf5 43. Rf1 Qg5 44. Ng6+ Rxg6 45. Bxg6 Rh1+ 0-1

[Event "CRO-chT2 Ost"]
[Site "Osijek"]
[Date "2012.05.05"]
[Round "5.51"]
[White "Jusic, Zdenko"]
[Black "Jusup, Matej"]
[Result "1-0"]
[WhiteElo "2358"]
[BlackElo "2150"]
[PlyCount "55"]
[EventDate "2012.04.21"]
[EventType "team-tourn"]
[EventRounds "11"]
[EventCountry "CRO"]
[SourceTitle "EXT 2014"]
[Source "ChessBase"]
[SourceDate "2013.11.20"]
[SourceVersion "1"]
[SourceVersionDate "2013.11.20"]
[SourceQuality "1"]

1. e4 e5 2. Nf3 Nc6 3. Bb5 a6 4. Ba4 Nf6 5. 0-0 Be7 6. d3 b5 7. Bb3 0-0 8. h3 d6 9. c3 Na5 10. Bc2 c5 11. Nbd2 Bb7 12. Re1 Re8 13. Nf1 Qc7 14. Ng3 Bf8 15. Bg5 Nd7 16. Nf5 Nc6 17. Nh2 g6 18. Nh6+ Kg7 19. Qf3 f6 20. N2g4 Be7 21. Bd2 Nd8 22. Qg3 d5 23. f4 dxe4 24. f5 c4 25. fxg6 hxg6 26. Nf5+ gxf5 27. Nxe5+ Kh7 28. Qg6+ 1-0

[Event "CRO-chT U20 20th"]
[Site "Sv Filip i Jakov"]
[Date "2011.04.30"]
[Round "10"]
[White "Ivekovic, Tihana"]
[Black "Jusup, Matej"]
[Result "1-0"]
[WhiteElo "1994"]
[BlackElo "2093"]
[PlyCount "79"]
[EventDate "2011.04.26"]
[EventType "team-tourn"]
[EventRounds "11"]
[EventCountry "CRO"]
[SourceTitle "EXT 2012"]
[Source "ChessBase"]
[SourceDate "2011.11.24"]
[SourceVersion "1"]
[SourceVersionDate "2011.11.24"]
[SourceQuality "1"]

1. e4 d5 2. exd5 Qxd5 3. Nc3 Qd6 4. d4 Nf6 5. Nf3 a6 6. h3 b5 7. a3 e6 8. Be3 Bb7 9. Be2 Nbd7 10. Qd2 Be7 11. 0-0 0-0 12. Nh2 Rfd8 13. Bf3 Nd5 14. Nxd5 Bxd5 15. Rfd1 c5 16. dxc5 Nxc5 17. Bxd5 exd5 18. Nf3 Ne6 19. Nd4 Bf6 20. c3 g6 21. Qe2 Nc5 22. Qf3 Bxd4 23. Bxd4 Nb3 24. Rab1 f5 25. Qd3 Qc6 26. Qf3 Re8 27. Rd3 Re4 28. Rbd1 Na5 29. Be3 Rd8 30. g4 fxg4 31. Qxe4 dxe4 32. Rxd8+ Kf7 33. hxg4 h5 34. R1d6 Qc4 35. R8d7+ Ke8 36. Rd8+ Kf7 37. Bg5 Nc6 38. Rf6+ Kg7 39. Rd7+ Kg8 40. Bh6 1-0

[Event "CRO-chT U20 20th"]
[Site "Sv Filip i Jakov"]
[Date "2011.04.29"]
[Round "7"]
[White "Jusup, Matej"]
[Black "Grguric, Stjepan Kresimir"]
[Result "1-0"]
[WhiteElo "2093"]
[BlackElo "2018"]
[PlyCount "43"]
[EventDate "2011.04.26"]
[EventType "team-tourn"]
[EventRounds "11"]
[EventCountry "CRO"]
[SourceTitle "EXT 2012"]
[Source "ChessBase"]
[SourceDate "2011.11.24"]
[SourceVersion "1"]
[SourceVersionDate "2011.11.24"]
[SourceQuality "1"]

1. Nf3 Nf6 2. g3 g6 3. Bg2 Bg7 4. 0-0 0-0 5. c4 c6 6. Nc3 d5 7. d4 Nbd7 8. cxd5 Nxd5 9. e4 Nxc3 10. bxc3 c5 11. Be3 Qa5 12. Qb3 Rd8 13. Rac1 Nf6 14. Ne5 Be6 15. Qxb7 cxd4 16. Nc6 Qb6 17. Qxb6 axb6 18. Nxd8 dxe3 19. Nxe6 fxe6 20. e5 Nd5 21. c4 exf2+ 22. Kh1 1-0

[Event "CRO-chT U20 20th"]
[Site "Sv Filip i Jakov"]
[Date "2011.04.27"]
[Round "3"]
[White "Jusup, Matej"]
[Black "Pejic, Igor"]
[Result "1-0"]
[WhiteElo "2093"]
[BlackElo "1988"]
[PlyCount "91"]
[EventDate "2011.04.26"]
[EventType "team-tourn"]
[EventRounds "11"]
[EventCountry "CRO"]
[SourceTitle "EXT 2012"]
[Source "ChessBase"]
[SourceDate "2011.11.24"]
[SourceVersion "1"]
[SourceVersionDate "2011.11.24"]
[SourceQuality "1"]

1. Nf3 d5 2. g3 Nf6 3. Bg2 Bg4 4. h3 Bxf3 5. Bxf3 e6 6. c4 c6 7. b3 dxc4 8. bxc4 Qd4 9. Qc2 Qxa1 10. Nc3 Bb4 11. 0-0 Bxc3 12. dxc3 0-0 13. Bf4 Qxf1+ 14. Kxf1 Nbd7 15. Bd6 Rfc8 16. Qb3 Ne8 17. Ba3 Rab8 18. Be4 Ndf6 19. Bd3 a6 20. c5 Nd7 21. Qb1 Nef6 22. f4 Rd8 23. c4 b6 24. cxb6 Rxb6 25. Qc2 e5 26. Be7 Re8 27. fxe5 Rxe7 28. exf6 Nxf6 29. c5 Rb8 30. Qa4 Rc7 31. Qxa6 g6 32. Qa5 Rcc8 33. Qc3 Nd5 34. Qd4 Ra8 35. e4 Nc7 36. Bc4 Na6 37. Qf6 Ra7 38. Qd6 Nb4 39. a3 Rxa3 40. Bxf7+ Kxf7 41. Qd7+ Kf6 42. Qxc8 h5 43. Qh8+ Ke6 44. Qb2 Rxg3 45. Qxb4 Rxh3 46. Qd4 1-0

[Event "CRO-chT2 East"]
[Site "Osijek"]
[Date "2010.10.16"]
[Round "7.35"]
[White "Jusup, Matej"]
[Black "Radulovic, Bojan"]
[Result "1-0"]
[WhiteElo "2060"]
[BlackElo "2219"]
[PlyCount "101"]
[EventDate "2010.04.17"]
[EventType "team-tourn"]
[EventRounds "11"]
[EventCountry "CRO"]
[SourceTitle "EXT 2012"]
[Source "ChessBase"]
[SourceDate "2011.11.24"]
[SourceVersion "1"]
[SourceVersionDate "2011.11.24"]
[SourceQuality "1"]

1. e4 c5 2. c3 e6 3. Nf3 d5 4. exd5 exd5 5. Bb5+ Bd7 6. Qe2+ Qe7 7. Bxd7+ Nxd7 8. Qxe7+ Bxe7 9. 0-0 0-0-0 10. Na3 a6 11. Re1 Bd6 12. d3 f6 13. Nc2 Ne7 14. Bf4 Bxf4 15. Rxe7 Rhg8 16. Rae1 Bd6 17. R7e2 g6 18. Re6 Ne5 19. Nxe5 fxe5 20. Ne3 e4 21. dxe4 dxe4 22. Rxe4 Bf8 23. Kf1 Rg7 24. Ke2 Rgd7 25. Rd1 Rxd1 26. Nxd1 Kc7 27. Ne3 b5 28. Re6 Rd6 29. Re8 Rd8 30. Rxd8 Kxd8 31. c4 Bd6 32. h3 Kd7 33. Kd3 Ke6 34. Ke4 h5 35. f4 h4 36. b3 Be7 37. Nd5 Bd8 38. cxb5 axb5 39. Nc3 b4 40. Na4 Kd6 41. Nb2 Bf6 42. Nd3 Bd4 43. Nxb4 cxb4 44. Kxd4 Ke6 45. Kc4 Kf5 46. Kxb4 Kxf4 47. a4 Kg3 48. a5 Kxg2 49. a6 Kxh3 50. a7 g5 51. a8Q 1-0